| 000 | 00860nac a22002411u 4500 | ||
|---|---|---|---|
| 010 | _a 96047098 | ||
| 020 | _a0750628855 | ||
| 082 | 0 | 0 |
_a681.2 _bBOL |
| 090 |
_c5981 _d5981 |
||
| 100 | _aBolton, W. | ||
| 245 | 1 | 0 |
_aNewnes instrumentation and measurement pocket book / _cW. Bolton. |
| 246 | 1 | 8 | _aNewnes instrumentation & measurement pocket book |
| 246 | 1 | 8 | _aInstrumentation and measurement pocket book |
| 250 | _a2nd ed. | ||
| 260 |
_aOxford [England] ; _aBoston : _bNewnes,c.1996. _cc.1996. |
||
| 300 |
_aviii, 295 p. : _bill. ; _c20 cm. |
||
| 500 | _aIncludes index. | ||
| 500 | _aDistributer: Al-Ahram. | ||
| 511 | _aCatalogued By: Mahitab. | ||
| 650 | 0 |
_aEngineering instruments _xHandbooks, manuals, etc. |
|
| 650 | 0 |
_aEngineering _xMeasurement _xHandbooks, manuals, etc. |
|
| 942 |
_cBB _k681.2BOL |
||
| 999 |
_c5981 _d5981 |
||